Premier League Appearances by Nationality: Greece - Statistics

General Stats
  • This quiz has been taken 6 times
  • The average score is 5 of 10
Answer Stats
Appearances Player % Correct
44 Sokratis Papastathopoulos
83%
60 Georgios Samaras
67%
66 Kostas Tsimikas
67%
76 Konstantinos Mavropanos
50%
148 Nikos Dabizas
50%
83 George Baldock
33%
139 Stelios Giannakopoulos
33%
50 Theodoros Zagorakis
33%
39 Giorgos Karagkounis
17%
114 Jose Holebas
17%
No matching quizzes found
Score Distribution
Percent of People with Each Score
Percentile by Number Answered
Your Score History
You have not taken this quiz